Saudi Arabia : 2015 Article IV Consultation.

This 2015 Article IV Consultation highlights that the rising oil prices and production resulted in large external and fiscal surpluses for Saudi Arabia. Real GDP growth is projected to slow to 2.8 percent in 2015, and then further to 2.4 percent in 2016 as government spending begins to adjust to the...

Descripció completa

Dades bibliogràfiques
Autor corporatiu: International Monetary Fund. Middle East and Central Asia Dept
Format: Revista
Idioma:English
Publicat: Washington, D.C. : International Monetary Fund, 2015.
Col·lecció:IMF Staff Country Reports; Country Report ; No. 2015/251
Accés en línia:Full text available on IMF
LEADER 01742cas a2200241 a 4500
001 AALejournalIMF015494
008 230101c9999 xx r poo 0 0eng d
020 |c 5.00 USD 
020 |z 9781513551111 
022 |a 1934-7685 
040 |a BD-DhAAL  |c BD-DhAAL 
110 2 |a International Monetary Fund.  |b Middle East and Central Asia Dept. 
245 1 0 |a Saudi Arabia :   |b 2015 Article IV Consultation. 
264 1 |a Washington, D.C. :  |b International Monetary Fund,  |c 2015. 
300 |a 1 online resource (70 pages) 
490 1 |a IMF Staff Country Reports 
500 |a <strong>Off-Campus Access:</strong> No User ID or Password Required 
500 |a <strong>On-Campus Access:</strong> No User ID or Password Required 
506 |a Electronic access restricted to authorized BRAC University faculty, staff and students 
520 3 |a This 2015 Article IV Consultation highlights that the rising oil prices and production resulted in large external and fiscal surpluses for Saudi Arabia. Real GDP growth is projected to slow to 2.8 percent in 2015, and then further to 2.4 percent in 2016 as government spending begins to adjust to the lower oil price environment. Nevertheless, government debt is very low and was 1.6 percent of GDP at end-2014. The current account surplus declined to 10.9 percent of GDP in 2014. It is expected to move into a small deficit in 2015 but return to surplus during 2016-20. Over the medium term, growth is expected to be about 3 percent. Inflation is likely to remain subdued. 
538 |a Mode of access: Internet 
830 0 |a IMF Staff Country Reports; Country Report ;  |v No. 2015/251 
856 4 0 |z Full text available on IMF  |u http://elibrary.imf.org/view/journals/002/2015/251/002.2015.issue-251-en.xml  |z IMF e-Library